000 00766nam a2200253Ia 4500
003 OSt
005 20220926015031.0
006 a|||||r|||| 00| 0
007 ta
008 220923b |||||||| |||| 00| 0 eng d
037 _cGeneral Book
040 _aRTL
_cRTL
_beng
041 _2eng
_aeng
082 _aXM5:935.73.N5
110 _aNational Industrial Conference Board (New York)
245 0 _aTutition-aid plans for employees
260 _aNew York
_bNICB
300 _a67p
_ccm.
490 _aIts, Studies in Personnel Policy.151. Conference Board Reports
650 _aJoint Stock Company
700 _aNational Industrial Conference Board (New York)
942 _hXM5:935.73.N5
_cGB
_2CC
999 _c630447
_d630447